Bilecik Bilecik Bilecik Bilecik Bilecik

Türk milliyetçiliğinin doğuşu ve Ziya Gökalp/ (Record no. 9439)

MARC details
000 -BAŞLIK
Sabit Uzunluktaki Kontrol Alanı 02433nam a22003377a 4500
001 - KONTROL NUMARASI
Control Dosyası 0009467
003 - KONTROL NUMARASI KİMLİĞİ
Kontrol Alanı KOHA_MİRAKIL
005 - EN SON İŞLEM TARİHİ ve ZAMANI
Kontrol Alanı 20260207001710.0
007 - FİZİKSEL TANIM SABİT ALAN - GENEL BİLGİ
Sabit uzunluklu kontrol alanı ta
008 - SABİT UZUNLUKTAKİ VERİ ÖGELERİ - GENEL BİLGİ
Sabit Alan 091020b2009 tu |||gr||||#0|||1|tur |
020 ## - ISBN - ULUSLARARASI STANDART KİTAP NUMARASI
Isbn 9789754375220
040 ## - KATALOGLAMA KAYNAĞI
Özgün Kataloglama Kurumu TR-BiSEU
Kataloglama Dili tur
Çeviri Kurumu TR-BiSEU
Açıklama Kuralları rda
041 0# - DİL KODU
Metin ya da ses kaydının dil kodu tur
044 ## - YAYINLAYAN/ÜRETEN KURULUŞUN ÜLKE KODU
ISO country code tu
050 ## - SINIFLAMA ve YER NUMARASI
Sınıflama Numarası PL263
Yer Numarası .K67 2009
100 1# - KİŞİ ADI
Yazar Adı (Kişi adı) Köseoğlu, Nevzat.
245 1# - ESER ADI BİLDİRİMİ
Başlık Türk milliyetçiliğinin doğuşu ve Ziya Gökalp/
Sorumluluk Bildirimi Nevzat Köseoğlu ; Nevzat Köseoğlu.
264 #1 - ÜRERİM, YAYIN, DAĞITIM ve TELİF BİLDİRİMİ
Yayın yeri İstanbul :
Yayınlayan Ötüken
Yayın tarihi 2009
300 ## - FİZİKSEL TANIMLAMA
Sayfa, Cilt vb. 212 sayfa
336 ## - İÇERİK TÜRÜ
Content type term metin
Content type code txt
Source rdacontent
337 ## - MEDYA TÜRÜ
Media type term aracısız
Media type code n
Source rdamedia
338 ## - TAŞIYICI TÜRÜ
Carrier type term cilt
Carrier type code nc
Source rdacarrier
490 1# - DİZİ BİLDİRİMİ
Dizi Bildirimi Yayın Nu ;
Cilt Numarası 601.
490 1# - DİZİ BİLDİRİMİ
Dizi Bildirimi Kültür Serisi ;
Cilt Numarası 276.
505 ## - İÇİNDEKİLER NOTU
İçindekiler Notu Ziya Gökalp Diyor ki:
650 #0 - KONU BAŞLIĞI EK GİRİŞ - KONU TERİMİ
Konusal terim veya coğrafi ad Milliyetçilik, Türk.
9 (RLIN) 23457
830 1# - SERİ EK GİRİŞİ - TEKBİÇİM ESER ADI
Tekbiçim Başlık Yayın Nu ;
Volume number/sequential designation 601.
9 (RLIN) 6553
830 1# - SERİ EK GİRİŞİ - TEKBİÇİM ESER ADI
Tekbiçim Başlık Kültür Serisi ;
Volume number/sequential designation 276.
9 (RLIN) 6554
907 ## - LOCAL DATA ELEMENT G, LDG (RLIN)
a Okuma Kitabı
942 ## - EK GİRİŞ ÖGELERİ (KOHA)
Source of classification or shelving scheme Library of Congress Classification
Koha item type Book
505 ## - İÇİNDEKİLER NOTU
--
-- *"...Türkiye'de vatan için en zararlı adamlar medrese yahut mekteplerden nasip alanlardır." "Türkiye'de medrese ve mektep, terbiye ettiği fertlerin ahlak ve seciyesini bozuyor."
--
-- *"Bütün hayatlarında kuvvetli bir seciye gösteren insanlar, umumiyetle çocukluklarında dinî terbiye alanlardır. Çocukluklarında dinî terbiye almayanlar, ölünceye kadar kişiliksiz kalmaya mahkûmdurlar."
--
-- *"Yaptığım incelemelerden çıkan sonuçlara göre birçok yerde Türkmen aşiretleri Kürtleşmiştir. Mesela Diyarbakır Karacadağ'da yaşayan Türkân/Terkân aşireti Oğuz ilinin Beğdili aşiretine mensup olup hâlis Türk olduklarını bilirler; fakat Türkçeyi unutmuşlardır. Bu aşiretlerden Karakeçililer ise Osmanlının ecdadı Kayı boyu ile akrabalık iddiasında bulunur, ama kendilerini Kürt zannederler." "Celaleddin Harzemşah'la gelen Harzem Türkmenlerinden Kanklılara, Kalaçlara, Salurlara ve Çekilerle mensup oymaklar Diyarbakır'a yerleşmiştir." "Diyarbakır'ın doğusundaki köylerin isimleri Türkçe'dir. Urfa'daki Döğer ve Badıllı aşiretleri ünlü iki Oğuz boyudur. Siverek çevresindeki Bucak'lar Türk'tür; ancak Kürtçe konuşurlar. Hâlbuki Lazkiye'de Türkçe konuşulur."
--
-- * Nevzat Kösoğlu'nun günümüzün problemlerine ışık tutan Gökalp'la ilgili bu yorum ve değerlendirmelerini okuyanlari hem Gökalp'ı doğru anlayacaklari hem de çok önemli dersler çıkaracaklardır.
Holdings
Materyal Türü Kalıcı Konum Mevcut Konum Raf Yeri Sınıflandırma Kaynağı Edinim Bilgisi Ana Konular Alt Konular Yer Numarası Demirbaş Numarası Fatura Tarihi Maliyet, Alış Fiyatı Maliyet, Yenileme Fiyatı Geri Çekilme Durumu Kayıp Durumu Hasarlı Durumu Kredi için değil Kayıt Tarih Toplam Ödünçverme Son Görülme Tarihi Son Kontrol Tarihi Genel / Bağış Notu
Book Prof. Dr. Azmi Özcan Kütüphanesi Prof. Dr. Azmi Özcan Kütüphanesi Birûni Salonu Library of Congress Classification Bağış DİL VE EDEBİYAT Doğu Asya, Afrika, Okyanusya Dilleri ve Edebiyatları PL263 .K67 2009 0009467 13/08/2010 12.00 12.00         20/10/2009 14 05/12/2024 05/12/2024 Ötüken Yayınevi